| 000 -CABECERA |
| Longitud fija campo de control |
01172cam a2200301 a 4500 |
| 003 - IDENTIFICADOR DEL NÚMERO DE CONTROL |
| Identificador del número de control |
OSt |
| 005 - FECHA Y HORA DE LA ÚLTIMA TRANSACCIÓN |
| Fecha y hora de la última transacción |
20171116130400.0 |
| 008 - CÓDIGOS DE INFORMACIÓN DE LONGITUD FIJA |
| Códigos de información de longitud fija |
171116s2013 spcao || 011 0bcat|d |
| 017 ## - NÚMERO DE COPYRIGHT O DE DEPÓSITO LEGAL |
| Número de copyright o de depósito legal |
DL Gi. 1554-2012 (vol. 1) |
| -- |
DL Gi. 1555-2012 (vol. 2) |
| Agencia que asigna el número |
Biblioteca de Catalunya |
| 020 ## - NÚMERO INTERNACIONAL NORMALIZADO PARA LIBROS |
| Número Internacional Normalizado para Libros (ISBN) |
9788496747920 (o.c.) |
| 020 ## - NÚMERO INTERNACIONAL NORMALIZADO PARA LIBROS |
| Número Internacional Normalizado para Libros (ISBN) |
9788496747944 (vol. 2) |
| 020 ## - NÚMERO INTERNACIONAL NORMALIZADO PARA LIBROS |
| Número Internacional Normalizado para Libros (ISBN) |
9788496747937 (vol. 1) |
| 040 ## - FUENTE DE LA CATALOGACIÓN |
| Centro catalogador de origen |
ES-BaCBU |
| Lengua de catalogación |
cat |
| Centro transcriptor |
CMDR |
| 100 1# - PUNTO DE ACCESO PRINCIPAL-NOMBRE DE PERSONA |
| Nombre de persona |
Bertrana, Aurora, |
| Fechas asociadas al nombre |
1892-1974 |
| 245 10 - MENCIÓN DE TÍTULO |
| Título |
Memòries / |
| Mención de responsabilidad, etc. |
Aurora Bertrana |
| 260 ## - PUBLICACIÓN, DISTRIBUCIÓN, ETC. (PIE DE IMPRENTA) |
| Lugar de publicación, distribución, etc. |
Girona : |
| Nombre del editor, distribuidor, etc. |
Diputació de Girona, |
| Fecha de publicación, distribución, etc. |
2013 |
| 300 ## - DESCRIPCIÓN FÍSICA |
| Extensión |
2 v. (703, [12] p. de làm.; 418, [8] p. de làm.) : |
| Otras características físicas |
il. (algunes col.) ; |
| Dimensiones |
22 cm |
| 490 1# - MENCIÓN DE SERIE |
| Mención de serie |
Col·lecció Josep Pla ; |
| Designación de volumen o secuencia |
29. |
| Mención de serie |
Narrativa |
| 505 8# - NOTA DE CONTENIDO CON FORMATO |
| Nota de contenido con formato |
Conté: 1. Fins al 1935 -- 2. Del 1935 fins al retorn a Catalunya |
| 600 17 - PUNTO DE ACCESO ADICIONAL DE MATERIA - NOMBRE DE PERSONA |
| Nombre de persona |
Bertrana, Aurora, |
| Fechas asociadas al nombre |
1892-1974 |
| Subdivisión de materia general (R ) |
Biografia |
| Fuente de encabezamiento o te&ecute,rmino |
lemac |
| 600 17 - PUNTO DE ACCESO ADICIONAL DE MATERIA - NOMBRE DE PERSONA |
| Nombre de persona |
Bertrana, Aurora, |
| Fechas asociadas al nombre |
1892-1974 |
| Fuente de encabezamiento o te&ecute,rmino |
thub |
| 650 #7 - PUNTO DE ACCESO ADICIONAL DE MATERIA - TÉRMINO DE MATERIA |
| Término de materia o nombre geográfico como elemento inicial |
Escriptores catalanes |
| Subdivisión cronológica |
S. XX |
| Subdivisión de materia general |
Biografia |
| Fuente del encabezamiento o término |
lemac |
| 650 #4 - PUNTO DE ACCESO ADICIONAL DE MATERIA - TÉRMINO DE MATERIA |
| Término de materia o nombre geográfico como elemento inicial |
Periodistes catalans |
| 9 (RLIN) |
3139 |
| Subdivisión de forma |
Biografia |
| 650 #4 - PUNTO DE ACCESO ADICIONAL DE MATERIA - TÉRMINO DE MATERIA |
| Término de materia o nombre geográfico como elemento inicial |
Dones periodistes |
| 9 (RLIN) |
2913 |
| 740 02 - PUNTO DE ACCESO ADICIONAL - TÍTULO RELACIONADO O ANALÍTICO NO CONTROLADO |
| Título relacionado o analítico no controlado |
Memòries fins al 1935 |
| 740 02 - PUNTO DE ACCESO ADICIONAL - TÍTULO RELACIONADO O ANALÍTICO NO CONTROLADO |
| Título relacionado o analítico no controlado |
Memòries del 1935 fins al retorn a Catalunya |
| 942 ## - ENTRADA DE ELEMENTOS AGREGADOS (KOHA) |
| Koha [por defecto] tipo de item |
Monografies |